书目信息 |
| 题名: |
模式识别方法及其在复杂体系中的应用
|
|
| 作者: | 李艳坤 , 庞佳烽 , 马昕鹏 编著 | |
| 分册: | ||
| 出版信息: | 秦皇岛 燕山大学出版社 2022.01 |
|
| 页数: | 168页 | |
| 开本: | 21cm | |
| 丛书名: | ||
| 单 册: | ||
| 中图分类: | O235 | |
| 科图分类: | ||
| 主题词: | 模式识别--mo shi shi bie--研究 | |
| 电子资源: | ||
| ISBN: | 978-7-5761-0283-3 | |
| 000 | 01268nam0 2200301 450 | |
| 001 | 27105 | |
| 005 | 20220920221455.42 | |
| 010 | @a978-7-5761-0283-3@dCNY26.00 | |
| 100 | @a20220428d2022 em y0chiy50 ea | |
| 101 | 0 | @achi |
| 102 | @aCN@b130000 | |
| 105 | @ay a 000yy | |
| 200 | 1 | @a模式识别方法及其在复杂体系中的应用@Amo shi shi bie fang fa ji qi zai fu za ti xi zhong de ying yong@f李艳坤, 庞佳烽, 马昕鹏编著 |
| 205 | @a第2版 | |
| 210 | @a秦皇岛@c燕山大学出版社@d2022.01 | |
| 215 | @a168页@d21cm | |
| 300 | @a“中央高校基本科研业务费专项资金”“国家自然科学基金”资助 | |
| 314 | @a李艳坤, 华北电力大学环境科学与工程学院副教授, 博士, 美国佐治亚理工学院访问学者。 | |
| 320 | @a有书目 | |
| 330 | @a本书介绍总结了多种传统及新型的模式识别方法包括主成分分析法、偏最小二乘判别分析法、线性判别分析法、人工神经网络等的发展、原理、特点、优缺点以及作者研究过程中在不同的实际复杂环境、生物、化学体系中的成功应用实例。本书分为原理篇和应用篇两部分, 两部分前后呼应。 | |
| 333 | @a出版社规划教材 | |
| 606 | 0 | @a模式识别@Amo shi shi bie@x研究 |
| 690 | @aO235@v5 | |
| 701 | 0 | @a李艳坤@Ali yan kun@4编著 |
| 701 | 0 | @a庞佳烽@Apang jia feng@4编著 |
| 701 | 0 | @a马昕鹏@Ama xin peng@4编著 |
| 801 | 0 | @aCN@c20220910 |
| 905 | @a河南城建学院图书馆@dO235@eL310=2@f2 | |
| 模式识别方法及其在复杂体系中的应用/李艳坤, 庞佳烽, 马昕鹏编著.-第2版.-秦皇岛:燕山大学出版社,2022.01 |
| 168页;21cm |
| “中央高校基本科研业务费专项资金”“国家自然科学基金”资助.-使用对象:出版社规划教材 |
| ISBN 978-7-5761-0283-3:CNY26.00 |
| 本书介绍总结了多种传统及新型的模式识别方法包括主成分分析法、偏最小二乘判别分析法、线性判别分析法、人工神经网络等的发展、原理、特点、优缺点以及作者研究过程中在不同的实际复杂环境、生物、化学体系中的成功应用实例。本书分为原理篇和应用篇两部分, 两部分前后呼应。 |
| ● |
| 相关链接 |
|
|
|
正题名:模式识别方法及其在复杂体系中的应用
索取号:O235/L310=2
 
预约/预借
| 序号 | 登录号 | 条形码 | 馆藏地/架位号 | 状态 | 备注 |
| 1 | 1578869 | 215788690 | 自科库401/401自科库 48排7列2层/ [索取号:O235/L310=2] | 在馆 | |
| 2 | 1578870 | 215788707 | 自科库401/401自科库 48排7列2层/ [索取号:O235/L310=2] | 在馆 |